000 01085nab a22002297a 4500
999 _c5745
_d5745
003 OSt
005 20260101204518.0
008 190514b xxu||||| |||| 00| 0 spa d
040 _cPJ
100 _94332
_aPellegrini, María Victoria
245 1 0 _aValidez (y ejecución) de los convenios de liquidación de la comunidad /
_cMaría Victoria Pellegrini.
300 _ap. 125-134
500 _aCita: TR LALEY AR/DOC/459/2025.
505 _aSumario: I. Introducción.— II. La sentencia.— III. Sobre la lesión.— IV. Sobre los convenios de liquidación.— V. Para cerrar.
505 _aFallo comentado: GEJUAF Guaymallén ~ 13/09/2024 ~ J., C. R. L. c. R., C. D. s/ nulidad de acto jurídico-oposición a homologación.
650 0 _9967
_aDERECHO DE FAMILIA
650 0 _9977
_aDIVORCIO
650 0 _91022
_aLIQUIDACION DE LA SOCIEDAD CONYUGAL
650 0 _91057
_aJURISPRUDENCIA APLICABLE
773 0 _02844
_93222
_dBuenos Aires : AbeledoPerrot, 1989-
_tDerecho de familia. Revista Interdisciplinaria de doctrina y jurisprudencia. Abril 2025-II.
_z18511201
942 _2udc
_cANA